000 00415nam a2200157Ia 4500
003 GCL
008 140319s9999 xx 000 0 eng d
040 _aGCL /
_cGCL
082 0 4 _a005.4469
_bS D
100 1 _aSIMPSON, ALAN
245 1 0 _aDOS 6 RUNNING START /
_cSIMPSON, ALAN
260 _a[S.N] :
_bSYBEX INC. ،
_c1993
300 _a312 PP
650 0 4 _aMS - DOS ( COMPUTER OPERATING SYSTEM )
942 _2ddc
_cBK
999 _c23372
_d23372